The biology of viruses

में बचाया:
ग्रंथसूची विवरण
मुख्य लेखक: Voyles, Bruce A
स्वरूप: पुस्तक
भाषा:Vietnamese
प्रकाशित: McGraw-Hill 2002
टैग : टैग जोड़ें
कोई टैग नहीं, इस रिकॉर्ड को टैग करने वाले पहले व्यक्ति बनें!
Thư viện lưu trữ: Mạng thư viện Đại học Đà Nẵng
LEADER 00603nam a2200253 4500
001 000020947
003 17394
005 20150330140348.0
008 150330s2002 viesd
020 |c 00 
041 0 |a vie 
082 1 4 |a 579,2  |b VO-B 
100 1 |a Voyles, Bruce A 
245 1 0 |a The biology of viruses  |c Bruce A. Voyles. 
260 |b McGraw-Hill  |c 2002 
300 |a tr.  |c cm. 
OWN |a LSP 
999 |a From the UDN01 
TYP |a Monograph 
TYP |a Printed language 
980 |a Mạng thư viện Đại học Đà Nẵng